000 00286nam a22001337a 4500
008 180924b xxu||||| |||| 00| 0 eng d
020 _a9780130497611
041 _aeng
080 _a336
100 _a56
101 _aFIN
245 _aThe New Finance
_cHaugen, R.A
942 _2udc
_cBK
999 _c48398
_d48398